Giải pháp phát triển thị trường xuất khẩu thủy sản của các doanh nghiệp trên địa bàn tỉnh Cà Mau : Luận văn thạc sĩ. Ngành Quản trị kinh doanh

Nội dung nghiên cứu: đề tài nghiên cứu nhằm đánh giá thực trạng và đề xuất các giải pháp phát triển thị trường xuất khẩu thủy sản của các doanh nghiệp trên địa bàn tỉnh Cà Mau theo hướng bền vững....

全面介绍

Đã lưu trong:
书目详细资料
主要作者: Hồ, Thị Thu
格式: 图书
语言:Undetermined
出版: Cần Thơ Trường Đại học Cần Thơ 2015
主题:
标签: 添加标签
没有标签, 成为第一个标记此记录!
Thư viện lưu trữ: Trung tâm Học liệu Trường Đại học Cần Thơ
LEADER 01191nam a2200217Ia 4500
001 CTU_198532
008 210402s9999 xx 000 0 und d
082 |a 382.6 
082 |b Th500 
088 |a 60340102 
100 |a Hồ, Thị Thu 
245 0 |a Giải pháp phát triển thị trường xuất khẩu thủy sản của các doanh nghiệp trên địa bàn tỉnh Cà Mau : 
245 0 |b Luận văn thạc sĩ. Ngành Quản trị kinh doanh 
245 0 |c Hồ Thị Thu ; Lê Nguyễn Đoan Khôi (Người hướng dẫn) 
260 |a Cần Thơ 
260 |b Trường Đại học Cần Thơ 
260 |c 2015 
520 |a Nội dung nghiên cứu: đề tài nghiên cứu nhằm đánh giá thực trạng và đề xuất các giải pháp phát triển thị trường xuất khẩu thủy sản của các doanh nghiệp trên địa bàn tỉnh Cà Mau theo hướng bền vững. 
650 |a Thị trường,Foreign trade,Markets,Ngoại thương 
904 |i Phan Thông Thụy Quân (Tuyến) 
980 |a Trung tâm Học liệu Trường Đại học Cần Thơ